000 01207nam a2200301 i 4500
003 EG-GICUC
005 20260429142325.0
008 260429s2002 ua fr|||| 00| 0 ara d
040 _a EG-GICUC
_bara
_c EG-GICUC
_d EG-GICUC
_erda
041 _aara
082 0 4 _221
_a345.2
_b ج و . ت
092 0 4 _221
099 _aLaw1 07 345.2 ج و . ت 2002
100 0 _aجورجي شفيق ساري
_eمؤلف.
245 1 0 _a تأملات واجتهادات في عملية الاقتراع وضماناتها :
_bتحليل وتطبيق لانتخابات مجلس الشعب المصري لعام 2000 /
_cدكتور جورجي شفيق ساري
264 1 _a القاهرة :
_bدار النهضة العربية،
_c2002.
300 _a219 صفحة؛
_c24 سم
336 _2rda content
_atext
337 _2rda media
_aComputer
338 _2rda carrier
_aOnline Resource
504 _aيشتمل على إرجاعات ببليوجرافية وكشاف.
546 _aالنص باللغة العربية
650 1 _aالقانون الإداري
_2qrmak
651 1 _2qrmak
856 4 0 _uhttps://fll.law.cu.edu.eg/fulltext/bks/B07-04819.pdf
905 _a167
942 _2ddc
_cBK
_e21
_n0
999 _c74248
_d74248